Thenkilakku Muslimkalin Poorveega Varalaru (Aaiviyal) (Record no. 1897)

MARC details
000 -LEADER
fixed length control field 005940000a22001810004500
003 - CONTROL NUMBER IDENTIFIER
control field LK-CoMWRAF
008 - FIXED-LENGTH DATA ELEMENTS--GENERAL INFORMATION
fixed length control field 230817t ||||| |||| 00| 0 eng d
040 ## - CATALOGING SOURCE
Original cataloging agency LK-CoMWRAF
Modifying agency LK-CoMWRAF
Description conventions LK-CoMWRAF
041 ## - LANGUAGE CODE
Language code of text/sound track or separate title English
082 ## - DEWEY DECIMAL CLASSIFICATION NUMBER
Classification number 792
Item number MAJ
942 ## - ADDED ENTRY ELEMENTS (KOHA)
Koha item type Books
100 ## - MAIN ENTRY--PERSONAL NAME
Personal name Majeed, Maruthur A.
245 ## - TITLE STATEMENT
Title Thenkilakku Muslimkalin Poorveega Varalaru (Aaiviyal)
Remainder of title Ancient History of South Eastern Muslims
260 ## - PUBLICATION, DISTRIBUTION, ETC. (IMPRINT)
Name of publisher, distributor, etc. Maruthur Publication Centre
Place of publication, distribution, etc. Sri Lanka (Kalmunai - Sainthamaruthu 03)
Date of publication, distribution, etc. 2001
300 ## - PHYSICAL DESCRIPTION
Extent p.108
650 ## - SUBJECT ADDED ENTRY--TOPICAL TERM
Topical term or geographic name as entry element Kalvi Varalaru - Educational History
650 ## - SUBJECT ADDED ENTRY--TOPICAL TERM
Topical term or geographic name as entry element Poorveega Varalaru
Holdings
Withdrawn status Lost status Damaged status Not for loan Permanent Location Current Location Date acquired Full call number Barcode Koha item type
        Resource center, Muslim Women's Research And Action Forum Resource center, Muslim Women's Research And Action Forum 2023-08-17 792 MAJ 0003623 Books

Copyright © 2023 Muslim Women's Research and Action Forum (MWRAF), No 27/3, Anderson Road, Kalubowila, Dehiwela. Funded by The Asia Fundation